01779nam a2200265Ia 4500001000600000003000900006008004100015040001300056040001300069041001300082100001900095100002900114245003700143245003700180250001100217260000900228260001200237260004900249300005700298500104600355650003201401650003101433700002001464700002901484G7880IT-RoPAU130308s9999 xx 000 0 und d aIT-RoPAU cIT-RoPAU aITALIANO aMenduni Enrico gCodice Aut. SPICS: 10945 aProfessioni del giornalismo (Le) bProfessioni del Giornalismo (Le) a1a ed. aROMA bCarocci c2001 [1° Ed.:2001 - Ed.Ling.Originale:2001] a"128 p. (prefazione: no ; testo: 128 [pagine: 0-0])" a"Percorso a Ostacoli: Diventare giornalisti professionisti e Pubblicisti; Praticantato; riconoscimento D'Ufficio; Paradossi della Professione. Numeri di un Grande Mestiere: professione del Nord; Giornalismo al Femminile; Disoccupazione Giornalistica; Quanto Guadagnano I Giornalisti?; quelli della Rai e quelli di Mediaset; televisioni e Radio Private. istituzioni del Giornalismo: una Mappa della Città dei Giornalisti; legge per L'Editoria. Il Quotidiano, Nostro Pane: Industria del Quotidiano; è Arrivata L'Informatica; Illusione dell'Aumento di Copie; Guardiani del Portone. professioni di Attualita': giornale di Massa e giornalista Come Mestiere; fabbrica delle Notizie; Agenzie e Service; ufficio Stampa; Sindacalizzazione dei Giornalisti. Freelance nell'era di Internet: farsi Il giornale da Soli; Lavorare Autonomamente nel Giornalismo; Dopo L'Informatica, Internet; Piccoli Freelance Crescono. Come e Dove imparare Il Mestiere: Entrare nel Giornalismo; Scuole di Giornalismo e Praticantato; Esame da Giornalista. Bibliografia." aENCICLOPEDIE DI GIORNALISMO eCodice materia Spics: 7051 aCatolfi Antonio gCodice Aut. SPICS: 55724